| Tag |
First Indicator |
Second Indicator |
Subfields |
| LEADER |
00000cam a2200000 a 4500 |
| 001 |
in00000080653 |
| 005 |
20151008054033.0 |
| 008 |
810825s1980 enka cb 00110 eng |
| 010 |
|
|
|a 81123024
|
| 015 |
|
|
|a GB***
|
| 020 |
|
|
|a 0930606248 (U.S.)
|
| 020 |
|
|
|a 093060623X (U.S. : pbk.)
|
| 035 |
|
|
|a (OCoLC)07167356
|
| 035 |
|
|
|9 AAH9429AM
|
| 039 |
0 |
|
|a 2
|b 3
|c 3
|d 3
|e 3
|
| 040 |
|
|
|a DLC
|c DLC
|d TXA
|d UtOrBLW
|
| 049 |
|
|
|a TXAM
|c [1654680]
|
| 050 |
0 |
0 |
|a N6797.T88
|b A4 1980
|
| 082 |
0 |
|
|a 760/.092/4
|2 19
|
| 100 |
1 |
|
|a Wilton, Andrew.
|
| 245 |
1 |
0 |
|a Turner and the sublime /
|c Andrew Wilton.
|
| 264 |
|
1 |
|a London :
|b Published by British Museum Publications for the Art Gallery of Ontario, the Yale Center for British Art, the Trustees of the British Museum,
|c [1980]
|
| 264 |
|
4 |
|c ©1980
|
| 300 |
|
|
|a 192 pages :
|b illustrations (some color) ;
|c 29 cm.
|
| 336 |
|
|
|a text
|b txt
|2 rdacontent
|
| 337 |
|
|
|a unmediated
|b n
|2 rdamedia
|
| 338 |
|
|
|a volume
|b nc
|2 rdacarrier
|
| 500 |
|
|
|a Exhibition held: Art Gallery of Ontario, Toronto, 1 November 1980-4 January, 1981; Yale Center for British Art, New Haven, 11 February-19 April 1981; the British Museum, London, 15 May-20 September, 1981.
|
| 500 |
|
|
|a Includes index.
|
| 504 |
|
|
|a Bibliography: page [189].
|
| 600 |
1 |
0 |
|a Turner, J. M. W.
|q (Joseph Mallord William),
|d 1775-1851
|x Exhibitions.
|
| 700 |
1 |
|
|a Turner, J. M. W.
|q (Joseph Mallord William),
|d 1775-1851.
|
| 710 |
2 |
|
|a Art Gallery of Ontario.
|
| 710 |
2 |
|
|a Yale Center for British Art.
|
| 710 |
2 |
|
|a British Museum.
|
| 999 |
|
|
|a MARS
|
| 999 |
f |
f |
|s 08b20294-61c0-3d06-960e-79d0eca15aa7
|i 3ec7b93f-5e2b-3556-a4a8-68490766f962
|t 0
|
| 952 |
f |
f |
|p normal
|a Texas A&M University
|b College Station
|c Sterling C. Evans Library
|d Evans: Library Stacks
|t 0
|e N6797.T88 A4 1980
|h Library of Congress classification
|i unmediated -- volume
|m A14806166542
|
| 998 |
f |
f |
|a N6797.T88 A4 1980
|t 0
|l Evans: Library Stacks
|